Bhasha vijanan (Record no. 2415)

MARC details
000 -LEADER
fixed length control field 00441cam a2200181ua 4500
008 - FIXED-LENGTH DATA ELEMENTS--GENERAL INFORMATION
fixed length control field 110912n ii |||gr||||Z||||||asm
040 ## - CATALOGING SOURCE
Transcribing agency MAIN
082 ## - DEWEY DECIMAL CLASSIFICATION NUMBER
Classification number 410
100 ## - MAIN ENTRY--PERSONAL NAME
Personal name Goswami, Upendranath.,
Relator term
245 11 - TITLE STATEMENT
Title Bhasha vijanan
Statement of responsibility, etc. by Upendranath Goswami
250 ## - EDITION STATEMENT
Edition statement 5th ed.
260 ## - PUBLICATION, DISTRIBUTION, ETC.
Place of publication, distribution, etc. Guwahati:
Name of publisher, distributor, etc. Mani-manik prakashan,986.
300 ## - PHYSICAL DESCRIPTION
Extent 250p.
942 ## - ADDED ENTRY ELEMENTS (KOHA)
Koha item type Books
653 ## - INDEX TERM--UNCONTROLLED
Uncontrolled term Linguistics
653 ## - INDEX TERM--UNCONTROLLED
Uncontrolled term Bhasha vijnan
Holdings
Withdrawn status Lost status Damaged status Not for loan Home library Current library Shelving location Date acquired Total Checkouts Full call number Barcode Date last seen Date last checked out Copy number Price effective from Koha item type
        Central Library, Naharkatiya College Central Library, Naharkatiya College General Stacks 19/09/2020 2 410 | GOS 7921 16/03/2023 10/02/2023 1 19/09/2020 Books

Naharkatiya College © 2020. All rights reserved.

Powered By